| 000 | 00882nam a2200277 a 4500 | ||
|---|---|---|---|
| 001 | 45298 | ||
| 003 | BD-RjUL | ||
| 005 | 20211209054007.0 | ||
| 008 | 500101r19481933enka b 001 0 eng d | ||
| 035 | _a(BD-RjUL)45416 | ||
| 040 |
_aGUA _cGUA _dOCL _dEQO _dBD-RjUL _beng |
||
| 041 | _aeng | ||
| 082 |
_223 _a330.162 _bCHT 1948 |
||
| 100 | 1 |
_aChamberlin, Edward Hastings _9138749 |
|
| 245 | 1 | 4 |
_aThe theory of monopolistic competition : _ba re-orientation of the theory of value / _cby Edward Hastings Chamberlin. |
| 250 | _a6th ed. | ||
| 260 |
_aLondon : _bOxford University Press, _cc1948. |
||
| 300 |
_axiv, 314 p. : _bill. ; _c24cm. |
||
| 504 | _aInclude bibliography and index. | ||
| 650 | 0 |
_aValue. _9138750 |
|
| 650 | 0 |
_aCompetition. _9138751 |
|
| 650 | 0 |
_aMonopolies. _9138752 |
|
| 650 | 0 |
_aPrices. _9138753 |
|
| 650 | 0 |
_aEconomics, Mathematical. _9138754 |
|
| 942 |
_2ddc _cBK |
||
| 999 |
_c45298 _d45298 |
||